000 00361nam a2200121Ia 4500
008 220216s9999 xx 000 0 und d
100 _aBarnard D
245 0 _aConsumer-oriented chemical research at N.R.P.R.A
260 _bProceedings of the RRIM Planters Conference, Kuala Lumpur, 1973; p469-503
650 _aAgeing
650 _aVulcanisation
942 _cJS
999 _c56227
_d56227